[Event "World Blitz Women 2022"]
[Site "Almaty KAZ"]
[Date "2022.12.29"]
[Round "3.49"]
[White "Mikheeva, Galina"]
[Black "Madi, Aidana"]
[Result "1-0"]
[WhiteTitle "WFM"]
[WhiteElo "1969"]
[BlackElo "1583"]
[WhiteFideId "44108320"]
[BlackFideId "13722689"]
[EventDate "2022.12.29"]

1. e4 c5 2. Nf3 d6 3. Bb5+ Bd7 4. Bxd7+ Qxd7 5. c4 g6 6. d4 cxd4 7. Nxd4 Bg7 8.
O-O Nc6 9. Be3 Nf6 10. f3 O-O 11. Nc3 Rac8 12. Rc1 a6 13. b3 Nxd4 14. Bxd4 b5
15. cxb5 axb5 16. Qd3 Ra8 17. Nxb5 Rxa2 18. Rc7 Qe6 19. Rfc1 Rfa8 20. Be3 d5 21.
Nd4 dxe4 22. Nxe6 exd3 23. Rc8+ Ne8 24. Nxg7 Kxg7 25. Bd4+ Nf6 26. Rxa8 Rxa8 27.
Rd1 Rd8 28. Be5 Rd5 29. Bc3 e5 30. Kf2 Nd7 31. Ke3 Rb5 32. Rxd3 Nb6 33. Kd2 f6
34. Kc2 Nd5 35. Bd2 Rc5+ 36. Kb2 Rb5 37. Ka3 1-0

[Event "World Blitz Women 2022"]
[Site "Almaty KAZ"]
[Date "2022.12.29"]
[Round "4.1"]
[White "Shuvalova, Polina"]
[Black "Stefanova, Antoaneta"]
[Result "1-0"]
[WhiteTitle "IM"]
[BlackTitle "GM"]
[WhiteElo "2502"]
[BlackElo "2442"]
[WhiteFideId "24171760"]
[BlackFideId "2902257"]
[EventDate "2022.12.29"]

1. d4 d5 2. Nf3 Nf6 3. Bf4 e6 4. e3 Bd6 5. Bxd6 Qxd6 6. c4 c5 7. Nc3 cxd4 8.
Nxd4 O-O 9. Rc1 a6 10. Be2 dxc4 11. Bxc4 b5 12. Be2 Bb7 13. O-O Nbd7 14. Bf3
Bxf3 15. Qxf3 Ne5 16. Qg3 Nc4 17. Qxd6 Nxd6 18. a4 bxa4 19. Nxa4 Rfc8 20. Ra1
Rab8 21. Rfc1 Rxc1+ 22. Rxc1 Rb4 23. b3 g6 24. Nc5 e5 25. Nc6 Rb5 26. Nxe5 Nde4
27. Ned3 a5 28. f3 Nxc5 29. Nxc5 Nd5 30. e4 Nf4 31. Rc2 h5 32. g3 Nh3+ 33. Kg2
Ng5 34. f4 Nh7 35. e5 Nf8 36. Rc3 Kg7 37. Kf3 Ne6 38. Nxe6+ fxe6 39. Ke4 Rb4+
40. Kd3 Kf7 41. Kc2 a4 42. Rc7+ Kf8 43. bxa4 Rxa4 44. Kd3 Ra2 45. Rc2 Ra1 46.
Kd4 Kf7 47. Rc7+ Kf8 48. Rc2 Ke7 49. Rb2 Rc1 50. Ke4 Kf7 51. Kf3 Rc3+ 52. Kg2
Rc7 53. Kh3 Ra7 54. Kh4 Rc7 55. Kg5 Kg7 56. Rb6 Kf7 57. Kh6 Ra7 58. Rb8 Ra2 59.
Rb7+ Kf8 60. Kxg6 Rxh2 61. Kf6 Kg8 62. Kxe6 Rg2 63. Rb3 Kg7 64. Kf5 Kh6 65. e6
Kg7 66. Kg5 Re2 67. f5 Re5 68. Rb7+ Kg8 69. Kg6 Kf8 70. f6 Rxe6 71. Rb8+ Re8 72.
Rxe8+ Kxe8 73. Kg7 1-0

[Event "World Blitz Women 2022"]
[Site "Almaty KAZ"]
[Date "2022.12.29"]
[Round "4.2"]
[White "Dzagnidze, Nana"]
[Black "Danielian, Elina"]
[Result "0-1"]
[WhiteTitle "GM"]
[BlackTitle "GM"]
[WhiteElo "2517"]
[BlackElo "2431"]
[WhiteFideId "13601903"]
[BlackFideId "13300210"]
[EventDate "2022.12.29"]

1. c4 c5 2. Nf3 g6 3. Nc3 Bg7 4. g3 Nc6 5. Bg2 e6 6. d4 cxd4 7. Nb5 d5 8. cxd5
Qa5+ 9. Qd2 Qxb5 10. dxc6 Qxc6 11. O-O Qb6 12. b3 Ne7 13. Ba3 Nc6 14. Rac1 e5
15. Ng5 Bf8 16. Bxf8 Kxf8 17. f4 h6 18. Nxf7 Kxf7 19. fxe5+ Kg7 20. Qf4 Bf5 21.
g4 Rhf8 22. e6 Rae8 23. gxf5 Rxf5 24. Qd6 d3+ 25. Kh1 dxe2 26. Rxf5 gxf5 27.
Bxc6 Qxc6+ 28. Qxc6 bxc6 29. Kg2 Rxe6 30. Kf2 e1=Q+ 31. Rxe1 Rxe1 32. Kxe1 Kf6
33. Ke2 Ke5 34. Ke3 f4+ 35. Kf3 h5 36. b4 a6 37. h3 Kf5 38. a3 Ke5 39. Ke2 Ke4
40. Kf2 h4 41. Ke2 f3+ 42. Kf2 Kf4 43. a4 Ke4 44. Kf1 Ke3 45. Ke1 Kd4 46. Kf2
Kc4 47. Kxf3 Kxb4 48. Kg4 c5 49. Kxh4 c4 50. Kg4 c3 0-1

[Event "World Blitz Women 2022"]
[Site "Almaty KAZ"]
[Date "2022.12.29"]
[Round "4.3"]
[White "Harika, Dronavalli"]
[Black "Buksa, Nataliya"]
[Result "1/2-1/2"]
[WhiteTitle "GM"]
[BlackTitle "IM"]
[WhiteElo "2507"]
[BlackElo "2405"]
[WhiteFideId "5015197"]
[BlackFideId "14123622"]
[EventDate "2022.12.29"]

1. b3 Nf6 2. Bb2 d5 3. Nf3 e6 4. g3 c5 5. Bg2 Nc6 6. O-O Be7 7. c4 d4 8. e3 O-O
9. exd4 cxd4 10. Re1 a5 11. a3 Bc5 12. d3 Re8 13. Nbd2 e5 14. Ng5 h6 15. Nge4
Nxe4 16. Bxe4 Ra6 17. Nf3 Qd6 18. Nh4 Ne7 19. Qh5 Rb6 20. Qd1 f5 21. Bg2 Qf6 22.
Rb1 Bd7 23. Bc1 Bc6 24. Bxc6 Nxc6 25. Qh5 Rf8 26. Qf3 Ne7 27. Bd2 g5 28. Ng2 g4
29. Qe2 Ng6 30. b4 axb4 31. axb4 Be7 32. c5 Re6 33. Bxh6 Rf7 34. Ra1 Kh7 35. Bd2
e4 36. Nf4 Nxf4 37. Bxf4 Qg6 38. Ra8 Bg5 39. Bxg5 Qxg5 40. Qb2 Rd7 41. b5 e3 42.
c6 bxc6 43. bxc6 exf2+ 44. Qxf2 Rxc6 45. Rae8 Rdc7 46. Kg2 Rc2 47. R1e2 Rxe2 48.
Rxe2 Qf6 49. Qf4 Rd7 50. Rf2 Kg6 51. h4 gxh3+ 52. Kh2 Rf7 53. g4 Qg5 54. gxf5+
Kh6 55. Qxg5+ Kxg5 56. Kxh3 Rxf5 57. Rxf5+ Kxf5 58. Kg3 Kg5 59. Kf3 Kf5 60. Kg3
Ke5 1/2-1/2

[Event "World Blitz Women 2022"]
[Site "Almaty KAZ"]
[Date "2022.12.29"]
[Round "4.4"]
[White "Atalik, Ekaterina"]
[Black "Tan, Zhongyi"]
[Result "0-1"]
[WhiteTitle "IM"]
[BlackTitle "GM"]
[WhiteElo "2403"]
[BlackElo "2518"]
[WhiteFideId "4130189"]
[BlackFideId "8603642"]
[EventDate "2022.12.29"]

1. c4 e6 2. Nf3 d5 3. e3 Nf6 4. Nc3 Be7 5. b3 O-O 6. Bb2 b6 7. d4 Bb7 8. Bd3
dxc4 9. bxc4 c5 10. O-O Nc6 11. d5 exd5 12. cxd5 Nb4 13. e4 Nxd3 14. Qxd3 Rc8
15. Rad1 c4 16. Qd2 Bb4 17. a3 Nxe4 18. Qd4 Bxc3 19. Bxc3 Nxc3 20. Qxc3 Qd6 21.
Rfe1 b5 22. Qd4 a6 23. Ne5 Rcd8 24. Re3 Qxd5 25. Qxd5 Rxd5 26. Rxd5 Bxd5 27. Nd7
Rd8 28. Nc5 a5 29. Na6 Bb7 0-1

[Event "World Blitz Women 2022"]
[Site "Almaty KAZ"]
[Date "2022.12.29"]
[Round "4.5"]
[White "Tokhirjonova, Gulrukhbegim"]
[Black "Arabidze, Meri"]
[Result "0-1"]
[WhiteTitle "WGM"]
[BlackTitle "IM"]
[WhiteElo "2328"]
[BlackElo "2427"]
[WhiteFideId "14203626"]
[BlackFideId "13604040"]
[EventDate "2022.12.29"]

1. e4 c5 2. Nc3 Nc6 3. Nf3 e6 4. Bc4 a6 5. a4 Qc7 6. O-O Nf6 7. Re1 d6 8. d4
cxd4 9. Nxd4 Nxd4 10. Qxd4 Be7 11. Bd3 O-O 12. Bg5 h6 13. Bh4 b6 14. Rad1 Bb7
15. Bf1 Rfd8 16. Kh1 Bc6 17. f4 Qb7 18. Bf2 b5 19. axb5 axb5 20. b4 Ng4 21. Bg1
Bh4 22. Re2 Bf6 23. Qd2 Bxc3 24. Qxc3 Bxe4 25. Red2 Bd5 26. Qg3 Nf6 27. Bd4 e5
28. fxe5 Ne4 29. Qg4 Nxd2 30. exd6 f5 31. Qxf5 Nxf1 32. Rxf1 Bxg2+ 33. Kg1 Bxf1 0-1

[Event "World Blitz Women 2022"]
[Site "Almaty KAZ"]
[Date "2022.12.29"]
[Round "4.6"]
[White "Assaubayeva, Bibisara"]
[Black "Badelka, Olga"]
[Result "0-1"]
[WhiteTitle "IM"]
[BlackTitle "IM"]
[WhiteElo "2440"]
[BlackElo "2416"]
[WhiteFideId "13708694"]
[BlackFideId "13509926"]
[EventDate "2022.12.29"]

1. d4 Nf6 2. c4 e6 3. Nf3 d5 4. Nc3 Nbd7 5. cxd5 exd5 6. Bg5 c6 7. e3 Be7 8. Bd3
O-O 9. Qc2 h6 10. Bf4 Nh5 11. Be5 Nhf6 12. h3 Nxe5 13. Nxe5 Nd7 14. Nf3 Bd6 15.
O-O Re8 16. Rab1 Nf6 17. b4 a6 18. a4 Qe7 19. b5 Bd7 20. bxa6 bxa6 21. a5 Bb4
22. Na4 Bxa5 23. Rb7 Qd6 24. Ne5 Bc7 25. Nxd7 Qh2# 0-1

[Event "World Blitz Women 2022"]
[Site "Almaty KAZ"]
[Date "2022.12.29"]
[Round "4.7"]
[White "Nomin-Erdene, Davaademberel"]
[Black "Mammadzada, Gunay"]
[Result "0-1"]
[WhiteTitle "IM"]
[BlackTitle "IM"]
[WhiteElo "2384"]
[BlackElo "2472"]
[WhiteFideId "4900782"]
[BlackFideId "13403729"]
[EventDate "2022.12.29"]

1. f4 d5 2. Nf3 Nf6 3. g3 g6 4. Bg2 Bg7 5. O-O c5 6. d3 Nc6 7. c3 O-O 8. Na3 b6
9. Qc2 Bb7 10. e4 dxe4 11. dxe4 e5 12. fxe5 Ng4 13. Bg5 Qb8 14. Nb5 Ngxe5 15.
Nxe5 Bxe5 16. Bh6 Bg7 17. Bxg7 Kxg7 18. Rad1 Ba6 19. a4 Bxb5 20. axb5 Ne5 21.
Qf2 f6 22. Rd5 Qc7 23. Rfd1 Qe7 24. Bh3 Rf7 25. b3 h5 26. Bg2 a6 27. bxa6 Rxa6
28. Rd8 Ra3 29. Qc2 Qa7 30. R8d2 b5 31. Kh1 c4 32. bxc4 Nxc4 33. Re2 Ne3 34.
Rxe3 Qxe3 35. Qb2 Rxc3 36. Qxb5 Rc1 37. Rxc1 Qxc1+ 38. Bf1 Re7 39. Qd3 Qe1 40.
Kg1 Qxe4 41. Qd2 Qe3+ 42. Qxe3 Rxe3 43. Kf2 Re5 44. Bd3 g5 45. Kf3 f5 46. Kf2 g4
47. Bc2 Kf6 48. Bd3 Kg5 49. Bf1 f4 50. gxf4+ Kxf4 51. Kg2 Ra5 52. Bc4 Ra4 53.
Bd5 Rd4 54. Bb7 h4 55. Bc6 Rd2+ 56. Kg1 h3 57. Bb7 g3 58. hxg3+ Kxg3 59. Ba6 h2+ 0-1

[Event "World Blitz Women 2022"]
[Site "Almaty KAZ"]
[Date "2022.12.29"]
[Round "4.8"]
[White "Gunina, Valentina"]
[Black "Frayna, Janelle Mae"]
[Result "1-0"]
[WhiteTitle "GM"]
[BlackTitle "WGM"]
[WhiteElo "2476"]
[BlackElo "2265"]
[WhiteFideId "4167570"]
[BlackFideId "5212499"]
[EventDate "2022.12.29"]

1. d4 Nf6 2. c4 e6 3. Nf3 d5 4. Nc3 Be7 5. Bf4 O-O 6. e3 c6 7. c5 Nh5 8. Be5 Nd7
9. Bd3 f5 10. h4 b6 11. b4 Nhf6 12. Bf4 Ne4 13. Bxe4 fxe4 14. Ng5 Nf6 15. a3 h6
16. Nh3 Ba6 17. g4 bxc5 18. dxc5 Nd7 19. g5 e5 20. Bh2 hxg5 21. hxg5 Bxg5 22.
Qh5 Qf6 23. Qxg5 1-0

[Event "World Blitz Women 2022"]
[Site "Almaty KAZ"]
[Date "2022.12.29"]
[Round "4.9"]
[White "Paehtz, Elisabeth"]
[Black "Beydullayeva, Govhar"]
[Result "1-0"]
[WhiteTitle "GM"]
[BlackTitle "WGM"]
[WhiteElo "2464"]
[BlackElo "2387"]
[WhiteFideId "4641833"]
[BlackFideId "13413015"]
[EventDate "2022.12.29"]

1. d4 Nf6 2. Nf3 e6 3. Bf4 d5 4. e3 Bd6 5. Bg3 c5 6. c3 Qc7 7. Bxd6 Qxd6 8. Ne5
Nc6 9. f4 O-O 10. Nd2 Nd7 11. Bd3 Ne7 12. O-O f6 13. Nef3 b6 14. Qe2 Bb7 15.
Rad1 e5 16. dxe5 fxe5 17. Nc4 dxc4 18. Bxh7+ Kxh7 19. Rxd6 Nf6 20. Ng5+ Kg8 21.
fxe5 Ne4 22. Rxf8+ Rxf8 23. Rd7 Nxg5 24. Rxe7 Bd5 25. Qg4 Ne6 26. Rxe6 1-0

[Event "World Blitz Women 2022"]
[Site "Almaty KAZ"]
[Date "2022.12.29"]
[Round "4.10"]
[White "Muminova, Nafisa"]
[Black "Lagno, Kateryna"]
[Result "0-1"]
[WhiteTitle "WGM"]
[BlackTitle "GM"]
[WhiteElo "2274"]
[BlackElo "2563"]
[WhiteFideId "14201526"]
[BlackFideId "14109336"]
[EventDate "2022.12.29"]

1. e4 e5 2. Nf3 Nc6 3. d4 exd4 4. Nxd4 Nf6 5. Nxc6 bxc6 6. e5 Qe7 7. Qe2 Nd5 8.
c4 Nb6 9. Nd2 a5 10. Qe4 d5 11. exd6 cxd6 12. Be2 Qxe4 13. Nxe4 d5 14. cxd5 cxd5
15. Nc3 Be6 16. O-O Bd6 17. Bb5+ Ke7 18. Re1 d4 19. Ne4 Bb4 20. Re2 Rhd8 21. Bd2
d3 22. Re3 Nd5 23. Rxd3 Nc7 24. Rxd8 Rxd8 25. Bxb4+ axb4 26. Ba4 Rd4 27. f3 Bd5
28. Re1 Ne6 29. Nc5 Rd2 30. Nxe6 Bxe6 31. Bb3 Rxb2 32. Bxe6 fxe6 33. Re4 Kd6 34.
h4 g6 35. Kh2 Kc5 36. Rxe6 Rxa2 37. Re7 b3 38. Rxh7 Ra4 39. Rc7+ Kd4 40. Rb7 Kc3
41. Rc7+ Rc4 42. Re7 b2 43. Re1 Rxh4+ 44. Kg3 Ra4 45. Re3+ Kd2 46. Rb3 Kc2 47.
Rb6 b1=Q 48. Rxb1 Kxb1 49. f4 Kc2 0-1

[Event "World Blitz Women 2022"]
[Site "Almaty KAZ"]
[Date "2022.12.29"]
[Round "4.11"]
[White "Kovanova, Baira"]
[Black "Goryachkina, Aleksandra"]
[Result "0-1"]
[WhiteTitle "WGM"]
[BlackTitle "GM"]
[WhiteElo "2317"]
[BlackElo "2584"]
[WhiteFideId "4164083"]
[BlackFideId "4147103"]
[EventDate "2022.12.29"]

1. e4 c5 2. Nf3 e6 3. d4 cxd4 4. Nxd4 Nf6 5. Nc3 Nc6 6. Ndb5 Bc5 7. Nd6+ Ke7 8.
Bf4 e5 9. Nf5+ Kf8 10. Bg5 d6 11. Bc4 Be6 12. Nd5 Bxf2+ 13. Kf1 Bxd5 14. Bxd5
Bc5 15. Qf3 h6 16. Bh4 g5 17. Bf2 Bxf2 18. Kxf2 Nxd5 19. exd5 Ne7 20. Rhf1 Nxf5
21. Qxf5 Kg7 22. Kg1 Rf8 23. Rf2 Rc8 24. Raf1 Rc4 25. g3 f6 26. Qe6 Rc7 27. b3
Qe7 28. Qf5 b5 29. Qe4 Qf7 30. c4 bxc4 31. bxc4 Qg6 32. Qe3 f5 33. Rc1 f4 34.
Qa3 e4 35. Qa5 Rff7 36. gxf4 gxf4+ 37. Rg2 e3 38. Qc3+ Kh7 39. Rxg6 Kxg6 40. Rf1
Rce7 41. Kg2 e2 42. Re1 f3+ 43. Kf2 Re5 44. c5 Rg5 45. cxd6 Rg2+ 46. Ke3 f2 47.
Qd3+ Kg7 48. Qd4+ Kg6 49. Qd3+ Kg7 50. Kxe2 f1=Q+ 51. Ke3 Rf3+ 0-1

[Event "World Blitz Women 2022"]
[Site "Almaty KAZ"]
[Date "2022.12.29"]
[Round "4.12"]
[White "Garifullina, Leya"]
[Black "Kosteniuk, Alexandra"]
[Result "0-1"]
[WhiteTitle "IM"]
[BlackTitle "GM"]
[WhiteElo "2357"]
[BlackElo "2520"]
[WhiteFideId "34127035"]
[BlackFideId "4128125"]
[EventDate "2022.12.29"]

1. e4 c6 2. d4 d5 3. e5 c5 4. dxc5 e6 5. Nf3 Nc6 6. a3 Bxc5 7. b4 Be7 8. Bb2 f6
9. Bd3 Nh6 10. O-O Nf7 11. exf6 Bxf6 12. Bxf6 Qxf6 13. Nbd2 O-O 14. c4 Nce5 15.
Nxe5 Nxe5 16. Be2 Ng6 17. Qb3 Nf4 18. Bf3 d4 19. c5 Kh8 20. Ne4 Qg6 21. Ng3 e5
22. Rfe1 Be6 23. Qb1 d3 24. Qd1 Rad8 25. Bxb7 d2 26. Re3 Bd5 27. Bxd5 Rxd5 28.
h3 h5 29. h4 Rfd8 30. Rc3 Rd3 31. Rxd3 Rxd3 32. Ra2 Qc6 33. f3 Qd5 34. Rc2 Qd4+
35. Kf1 Nd5 36. Nf5 Qf4 37. Kf2 Nc3 38. Qa1 d1=Q 0-1

[Event "World Blitz Women 2022"]
[Site "Almaty KAZ"]
[Date "2022.12.29"]
[Round "4.13"]
[White "Schulze, Lara"]
[Black "Batsiashvili, Nino"]
[Result "0-1"]
[WhiteTitle "FM"]
[BlackTitle "GM"]
[WhiteElo "2284"]
[BlackElo "2493"]
[WhiteFideId "12956830"]
[BlackFideId "13602993"]
[EventDate "2022.12.29"]

1. e4 e5 2. Nf3 Nc6 3. Bc4 Nf6 4. d3 Bc5 5. c3 a6 6. Nbd2 d6 7. Bb3 Ba7 8. O-O
h6 9. Re1 Qe7 10. Nf1 Ng4 11. Re2 f5 12. exf5 Bxf5 13. d4 O-O-O 14. Ng3 Bg6 15.
Bd5 Qd7 16. a4 exd4 17. cxd4 Rhe8 18. Rxe8 Rxe8 19. Bf4 Nf6 20. Bxc6 Qxc6 21.
Rc1 Qd7 22. b4 Nd5 23. Bd2 Bh7 24. Qb3 Bg8 25. Qc2 g5 26. Qd3 Qxa4 27. Nf5 Qd7
28. Nxh6 Bh7 29. Qb3 g4 30. Qxd5 gxf3 31. Qxf3 Bxd4 32. Qg4 Bb6 33. Qxd7+ Kxd7
34. Ng4 Rf8 35. h4 Bf5 36. Ne3 Bg6 37. g4 c5 38. bxc5 Bxc5 39. Kg2 b5 40. h5
Be4+ 41. Kg3 Rf3+ 42. Kh4 Rxf2 43. Nf1 Bd3 44. h6 Bxf1 45. Bc3 Bd3 46. Rd1 Be4
47. Re1 d5 48. Rxe4 dxe4 49. h7 Rh2+ 50. Kg5 Rxh7 51. Kf4 e3 52. Kf3 b4 0-1

[Event "World Blitz Women 2022"]
[Site "Almaty KAZ"]
[Date "2022.12.29"]
[Round "4.14"]
[White "Fataliyeva, Ulviyya"]
[Black "Voit, Daria"]
[Result "1-0"]
[WhiteTitle "IM"]
[BlackTitle "WGM"]
[WhiteElo "2428"]
[BlackElo "2347"]
[WhiteFideId "13403052"]
[BlackFideId "4182146"]
[EventDate "2022.12.29"]

1. d4 Nf6 2. Nc3 d5 3. Bf4 c5 4. e3 a6 5. Nf3 Nc6 6. Be2 Bg4 7. dxc5 e6 8. Nd4
Bxe2 9. Ncxe2 Bxc5 10. Nxc6 bxc6 11. O-O O-O 12. a3 a5 13. Nd4 Qb6 14. Rb1 Bxd4
15. exd4 c5 16. Be5 Nd7 17. dxc5 Qxc5 18. Bd4 Qc7 19. f4 Nc5 20. Qg4 f6 21. b4
axb4 22. axb4 f5 23. Qh5 Ne4 24. Rb3 Qxc2 25. Rh3 h6 26. Qg6 Nf6 27. Rxh6 Ra2
28. Bxf6 Rxf6 29. Qe8+ Rf8 30. Qxe6+ Rf7 31. Rg6 d4 32. Qe8+ Rf8 33. Qd7 Rf7 34.
Qxd4 Kh7 35. Rg5 Re7 36. Qd6 Qe4 37. h4 Qe3+ 38. Kh1 Qe2 39. Rg1 Rd2 40. Qg6+
Kg8 41. h5 Re3 42. Qxg7# 1-0

[Event "World Blitz Women 2022"]
[Site "Almaty KAZ"]
[Date "2022.12.29"]
[Round "4.15"]
[White "Munkhzul, Turmunkh"]
[Black "Injac, Teodora"]
[Result "1/2-1/2"]
[WhiteTitle "WIM"]
[BlackTitle "WGM"]
[WhiteElo "2318"]
[BlackElo "2365"]
[WhiteFideId "4901878"]
[BlackFideId "932400"]
[EventDate "2022.12.29"]

1. e4 e5 2. Nf3 Nc6 3. Bb5 a6 4. Bxc6 dxc6 5. d4 exd4 6. Qxd4 Qxd4 7. Nxd4 Bd7
8. Be3 O-O-O 9. Nc3 Bb4 10. Ne2 Ne7 11. f3 Ng6 12. h4 h5 13. O-O-O b6 14. a3 Be7
15. Bf2 Bf6 16. Bd4 Bxh4 17. Bxg7 Bg5+ 18. Kb1 Rh7 19. Bd4 h4 20. a4 a5 21. f4
Nxf4 22. Nxf4 Bxf4 23. Bf6 Rg8 24. Rdf1 Bg5 25. Bxg5 Rxg5 26. Rf4 1/2-1/2

[Event "World Blitz Women 2022"]
[Site "Almaty KAZ"]
[Date "2022.12.29"]
[Round "4.16"]
[White "Enkhtuul, Altan-Ulzii"]
[Black "Girya, Olga"]
[Result "1-0"]
[WhiteTitle "WGM"]
[BlackTitle "GM"]
[WhiteElo "2285"]
[BlackElo "2398"]
[WhiteFideId "4901444"]
[BlackFideId "4195752"]
[EventDate "2022.12.29"]

1. d4 Nf6 2. Bf4 e6 3. Nf3 c5 4. c3 b6 5. e3 Be7 6. Be2 O-O 7. h3 Ba6 8. O-O
Bxe2 9. Qxe2 Nc6 10. Ne5 Qc8 11. Nd2 d6 12. Nxc6 Qxc6 13. Bg5 h6 14. Bh4 Rfe8
15. Qf3 Rac8 16. Bxf6 Qxf3 17. Nxf3 Bxf6 18. Rfd1 d5 19. a4 a6 20. a5 b5 21.
dxc5 Rxc5 22. Nd4 Rc4 23. Nc2 Be7 24. Ra2 Rec8 25. Nd4 h5 26. g3 g6 27. Kg2 b4
28. cxb4 Rxb4 29. Rd2 Bf6 30. Ne2 Rcb8 31. Nc3 Rb3 32. Na4 R8b5 33. Nb6 Rxb2 34.
Nd7 Bc3 35. Rc2 Rxc2 36. Rxc2 Bxa5 37. Nf6+ Kg7 38. Ne8+ Kf8 39. Nd6 Rb8 40. Nc8
Bb4 41. Na7 a5 42. Nc6 Rc8 43. Nxb4 Ra8 44. Ra2 a4 45. Ra3 Ke7 46. Na2 Kd6 47.
Nc3 e5 48. Rxa4 Rc8 49. Ne2 Rc2 50. Kf1 Ke6 51. g4 hxg4 52. hxg4 Rb2 53. Ng3
Rb1+ 54. Kg2 Rb2 55. Ra6+ Ke7 56. Kf3 Rb3 57. Ra7+ Ke6 58. Ne2 d4 59. Ra6+ Ke7
60. Ke4 dxe3 61. fxe3 f6 62. Kf3 Rb4 63. g5 fxg5 64. Rxg6 e4+ 65. Kf2 Rb5 66.
Nc3 Rf5+ 67. Ke2 Kf7 68. Rd6 Re5 69. Rd4 Kf6 70. Nxe4+ Kf5 71. Ng3+ Kg6 72. Kf3
Ra5 73. Rd6+ Kg7 74. Kg4 Re5 75. e4 Kf7 76. Rd5 Rxd5 77. exd5 Kf6 78. Ne4+ Ke5
79. d6 1-0

[Event "World Blitz Women 2022"]
[Site "Almaty KAZ"]
[Date "2022.12.29"]
[Round "4.17"]
[White "Nurmanova, Alua"]
[Black "Tania, Sachdev"]
[Result "0-1"]
[WhiteTitle "WIM"]
[BlackTitle "IM"]
[WhiteElo "2191"]
[BlackElo "2389"]
[WhiteFideId "13729390"]
[BlackFideId "5007844"]
[EventDate "2022.12.29"]

1. e4 e5 2. Nf3 Nc6 3. Bc4 Nf6 4. d3 h6 5. O-O d6 6. c3 g5 7. b4 Bg7 8. a4 Qe7
9. Nbd2 Be6 10. a5 a6 11. Bxe6 fxe6 12. Nc4 O-O 13. Ba3 Qf7 14. Qb3 Nh5 15. Ne3
Nf4 16. Qd1 Ne7 17. Ne1 d5 18. Ra2 d4 19. cxd4 exd4 20. Nc4 Nc6 21. Rb2 Ne5 22.
Nxe5 Bxe5 23. b5 Rfe8 24. bxa6 Rxa6 25. Rb5 Bg7 26. g3 Ng6 27. Ng2 c6 28. Rb3
Rxa5 29. f4 gxf4 30. gxf4 Rea8 31. Bb2 Ne7 32. Rxb7 R5a7 33. Qb3 Rxb7 34. Qxb7
Ra2 35. Qb3 Ra7 36. Qc4 Rd7 37. Ra1 Kh7 38. f5 Qh5 39. Qxe6 Rb7 40. Bc1 Ng8 41.
Ra8 Nf6 42. Bd2 Qd1+ 43. Be1 Qe2 44. Qf7 Rxf7 0-1

[Event "World Blitz Women 2022"]
[Site "Almaty KAZ"]
[Date "2022.12.29"]
[Round "4.18"]
[White "Padmini, Rout"]
[Black "Nakhbayeva, Guliskhan"]
[Result "0-1"]
[WhiteTitle "IM"]
[BlackTitle "IM"]
[WhiteElo "2389"]
[BlackElo "2326"]
[WhiteFideId "5029295"]
[BlackFideId "13704788"]
[EventDate "2022.12.29"]

1. e4 e6 2. d4 d5 3. Nd2 Nf6 4. e5 Nfd7 5. Bd3 c5 6. c3 Nc6 7. Ne2 cxd4 8. cxd4
f6 9. exf6 Qxf6 10. Nf3 h6 11. O-O Bd6 12. Be3 O-O 13. Ng3 Rf7 14. Rc1 Nf8 15.
a3 e5 16. dxe5 Nxe5 17. Nxe5 Bxe5 18. b4 Be6 19. f4 Bb2 20. Rb1 Rc8 21. Kh1 Qc3
22. Ne2 Qxa3 23. Bd4 Bxd4 24. Nxd4 Bd7 25. Rb3 Qa4 26. Qb1 a6 27. Bc2 Be8 28. b5
Qxd4 29. bxa6 bxa6 30. f5 a5 31. h3 Qc5 32. Bd3 a4 33. Rb7 Rxb7 34. Qxb7 Bf7 35.
f6 g5 36. Bf5 Rc7 37. Qb8 Qc4 38. Re1 a3 39. Qa8 a2 40. Ra1 d4 41. Kh2 Qd5 42.
Qb8 Qe5+ 43. Kg1 Qe3+ 44. Kh2 Qf4+ 45. Kh1 Rc1+ 46. Rxc1 Qxc1+ 47. Kh2 Qf4+ 0-1

[Event "World Blitz Women 2022"]
[Site "Almaty KAZ"]
[Date "2022.12.29"]
[Round "4.19"]
[White "Omonova, Umida"]
[Black "Kamalidenova, Meruert"]
[Result "0-1"]
[WhiteTitle "WFM"]
[BlackTitle "WIM"]
[WhiteElo "2052"]
[BlackElo "2377"]
[WhiteFideId "14210363"]
[BlackFideId "13712802"]
[EventDate "2022.12.29"]

1. e4 c5 2. Nf3 d6 3. Bb5+ Bd7 4. Bxd7+ Nxd7 5. O-O Ngf6 6. Re1 e6 7. c3 Be7 8.
d4 O-O 9. e5 Ne8 10. exd6 Nxd6 11. Bf4 Rc8 12. Bxd6 Bxd6 13. Nbd2 Bb8 14. Ne4
Qc7 15. d5 exd5 16. Qxd5 h6 17. Rad1 Nb6 18. Qf5 Qc6 19. Rd2 Nc4 20. Rde2 b6 21.
b3 Na5 22. c4 Rcd8 23. Nc3 Qd7 24. Qxd7 Rxd7 25. Nd5 Nc6 26. g3 Nb4 27. Nxb4
cxb4 28. Nh4 g6 29. Ng2 Kg7 30. Ne3 Rd3 31. Nd5 Bd6 32. f4 Bc5+ 33. Kg2 a6 34.
h4 h5 35. Re4 b5 36. Nc7 bxc4 37. Rxc4 Rd2+ 38. Kh3 Bf2 39. Re7 Kf6 40. Re5 Rd3
41. Ne8+ Rxe8 42. Rxe8 Bxg3 43. Kg2 Bxh4 44. f5 g5 45. Ra8 Rd2+ 46. Kf3 Rxa2 47.
Rxb4 Kxf5 48. Ra4 g4+ 49. Ke3 Bg5+ 50. Kd3 Rd2+ 51. Kc3 Re2 52. Ra5+ Kf4 53. Rg8
f6 54. Rxa6 g3 55. Kd3 Rb2 56. Kc3 Rf2 57. b4 g2 58. Rxf6+ Bxf6+ 59. Kc4 Kf3 60.
b5 Rb2 61. Kc5 Kf2 0-1

[Event "World Blitz Women 2022"]
[Site "Almaty KAZ"]
[Date "2022.12.29"]
[Round "4.20"]
[White "Charochkina, Daria"]
[Black "Balabayeva, Xeniya"]
[Result "1-0"]
[WhiteTitle "IM"]
[BlackTitle "WIM"]
[WhiteElo "2344"]
[BlackElo "2183"]
[WhiteFideId "4180917"]
[BlackFideId "13719688"]
[EventDate "2022.12.29"]

1. d4 d5 2. c4 e6 3. Nc3 Nf6 4. cxd5 exd5 5. Bg5 Be7 6. e3 c6 7. Bd3 Nbd7 8.
Nge2 Nh5 9. Bxe7 Qxe7 10. Qd2 Nb6 11. O-O O-O 12. f3 f5 13. Rae1 Be6 14. b3 Rad8
15. Bb1 Nf6 16. Nc1 Nbd7 17. Nd3 g6 18. Nf4 Bf7 19. e4 dxe4 20. fxe4 fxe4 21.
Nxe4 Nxe4 22. Bxe4 Qd6 23. Bb1 Nb6 24. Rd1 Nd5 25. Nd3 Nb6 26. Ne5 Kg7 27. Ng4
Bd5 28. Qh6+ Kg8 29. Ne5 Nd7 30. Bxg6 Rxf1+ 31. Rxf1 Nxe5 32. Bxh7+ Kh8 33. Bg6+ 1-0